Normal view
MARC view
- Khatchadorian, Rafe (Fictitious character). Humorous stories. Juvenile Fiction.
Entry Topical Term
001 - CONTROL NUMBER
- control field: 86939
003 - CONTROL NUMBER IDENTIFIER
- control field: OSt
005 - DATE AND TIME OF LATEST TRANSACTION
- control field: 20251120134631.0
008 - FIXED-LENGTH DATA ELEMENTS
- fixed length control field: 251120|| aca||aabn | a|a d
040 ## - CATALOGING SOURCE
- Original cataloging agency: OSt
- Transcribing agency: OSt
150 ## - HEADING--TOPICAL TERM
- Topical term or geographic name as entry element: Khatchadorian, Rafe (Fictitious character). Humorous stories. Juvenile Fiction.
- Form subdivision: Fiction
670 ## - SOURCE DATA FOUND
- Source citation: Work cat.: (OSt)49805: Patterson, James, 1947- author. 10737, Save Rafe! /, 2015.